Personnalités dont le nom commence par la lettre H (par images) - Statistiques

Statistiques générales
  • Ce quiz a été pris 566 fois
  • Le résultat moyen est 10 sur 16
Statistiques - réponses
Par images Réponse % Correct
François Hollande
99%
Cyril Hanouna
96%
Johnny Hallyday
95%
Thierry Henry
81%
Anne Hidalgo
78%
Nicolas Hulot
64%
Whitney Houston
62%
Jimi Hendrix
61%
Alfred Hitchcock
55%
Chris Hemsworth
55%
Paris Hilton
51%
Kévin Hart
42%
Isabelle Huppert
35%
Tom Hardy
35%
Calvin Harris
27%
Tom Hiddleston
24%
Aucun quiz correspondant
Distribution des résultats
% des personnes avec chaque résultat
Percentile par nombre de réponses
Votre historique - résultats
Vous n’avez pas pris ce quiz